Region, religion, caste, gender and culture in contemporary India (Record no. 1945)
[ view plain ]
| 000 -LEADER | |
|---|---|
| fixed length control field | 00601nam a2200205Ia 4500 |
| 020 ## - INTERNATIONAL STANDARD BOOK NUMBER | |
| ISBN | 0-19-563458-6 |
| 082 ## - DEWEY DECIMAL CLASSIFICATION NUMBER | |
| Classification number | 306.60954 REG- |
| 245 #0 - TITLE STATEMENT | |
| Title | Region, religion, caste, gender and culture in contemporary India |
| 260 ## - PUBLICATION, DISTRIBUTION, ETC. (IMPRINT) | |
| Place of publication | Delhi |
| Name of publisher | Oxford University Press |
| Year of publication | 1996 |
| 300 ## - PHYSICAL DESCRIPTION | |
| Number of Pages | 602p. |
| 500 ## - GENERAL NOTE | |
| General note | Contents:Vol.3 |
| 650 ## - SUBJECT ADDED ENTRY--TOPICAL TERM | |
| Topical Term | India - Social life and customs |
| 650 ## - SUBJECT ADDED ENTRY--TOPICAL TERM | |
| Topical Term | India - Social conditions |
| 650 ## - SUBJECT ADDED ENTRY--TOPICAL TERM | |
| Topical Term | Social classes - India |
| 650 ## - SUBJECT ADDED ENTRY--TOPICAL TERM | |
| Topical Term | Gender identity - India |
| 650 ## - SUBJECT ADDED ENTRY--TOPICAL TERM | |
| Topical Term | Religion and politics - India |
| 650 ## - SUBJECT ADDED ENTRY--TOPICAL TERM | |
| Topical Term | Caste - India |
| 700 ## - ADDED ENTRY--PERSONAL NAME | |
| Personal name | Sathyamurthy, T.V. |
| 942 ## - ADDED ENTRY ELEMENTS (KOHA) | |
| Koha item type | Books |
| Withdrawn status | Lost status | Damaged status | Not for loan | Home library | Current library | Date acquired | Bill Date | Full call number | Accession Number | Price effective from | Koha item type |
|---|---|---|---|---|---|---|---|---|---|---|---|
| NASSDOC Library | NASSDOC Library | 08/06/2004 | 2008-12-30 | 306.60954 REG- | 35680 | 18/04/2019 | Books |
